Pokémon - Les attaques de Dimoclès - Statistiques

Statistiques générales
  • Ce quiz a été pris 13 fois
  • Le résultat moyen est 8 sur 14
Statistiques - réponses
Niveaux Types Noms des attaques % Correct
Niveau 12 Vol Aéropique
88%
Niveau 32 Acier Mur de Fer
88%
Départ Spectre Ombre Portée
88%
Départ Insecte Taillade
88%
Niveau 38 Acier Tête de Fer
88%
Niveau 20 Normal Tranche
88%
Niveau 50 Normal Danse Lames
63%
Niveau 56 Combat Lame Sainte
63%
Niveau 24 Ténèbres Tranche-Nuit
63%
Niveau 16 Acier Strido-Son
50%
Départ Normal Charge
38%
Départ Acier Allègement
25%
Niveau 44 Psy Astuce Force
13%
Niveau 28 Normal Vengeance
0%
Aucun quiz correspondant
Distribution des résultats
% des personnes avec chaque résultat
Percentile par nombre de réponses
Votre historique - résultats
Vous n’avez pas pris ce quiz